00313nam a22001457a 450000500170000002000180001704100120003508200160004710000160006324500380007925000070011726000240012430000080014836500110015620260616111516.0 a9788198410672 aEnglish aT03 R25 MAT aMathiyan P aAgarathiyiyal Kalaicchollagarathi a01 aChennaibNCBHc2025 a190 b175.00